00630nam a2200181Ia 4500952013100000999001700131003000400148005001700152008004100169040000900210082002000219100002700239245007000266260004300336300000800379650001500387942004600402 00102ddc40708M&HaMESbMEScPHYSd2019-02-20g195.00l0o613.7046 DEB/Bp32660r2019-02-20 00:00:00w2019-02-20yBKzU22R3 c36963d36963OSt20210121122238.0190216s9999||||xx |||||||||||||| ||und|| coclc a613.7046bDEB/B aDebnath, Manika 98342 0aBasic Core Fitness Through Yoga And Naturopathy /cManika Debnath bSports Publication,c2008.aNew Delhi: a64p aReferences cBK2ddch613.7046iDEB/Bk613.7046mDEB/B